000
00317nam a22001457a 4500
008
230508b ||||| |||| 00| 0 eng d
020
_a
9780838911617
041
_a
eng
080
_a
338
082
_a
338FAR
100
_a
22
101
_a
MENAXH
245
_a
MANAGING IN THE MIDDLE
_c
FARRELL.R
942
_2
udc
_c
BK
999
_c
59667
_d
59667